Vidiek, jeho postavenie, problémy a možnosti v sociálno-ekonomickom rozvoji krajiny

Vymedzenie pojmu vidiek. Štrukturálne zmeny vo vidieckych regiónoch a sociálno-ekonomické problémy vidieka na Slovensku. Demografický vývoj. Trh práce - zamestnanosť, nezamestnanosť, cena práce. Ekonomická štruktúra vidieckych obcí. Podnikateľská aktivita. Podmienky pre rozvoj cestovného ruchu. Infr...

Ausführliche Beschreibung

Gespeichert in:
Bibliographische Detailangaben
1. Verfasser: Adamkovičová, Beáta
Format: Buchkapitel
Sprache:Slowakisch
Schlagworte:
Tags: Tag hinzufügen
Keine Tags, Fügen Sie das erste Tag hinzu!

MARC

LEADER 00000naa$a2200000$$$4500
001 0055748
005 20220714111241.6
041 0 |a slo 
044 |a SK 
245 1 0 |a Vidiek, jeho postavenie, problémy a možnosti v sociálno-ekonomickom rozvoji krajiny  |c Beáta Adamkovičová 
520 |a Vymedzenie pojmu vidiek. Štrukturálne zmeny vo vidieckych regiónoch a sociálno-ekonomické problémy vidieka na Slovensku. Demografický vývoj. Trh práce - zamestnanosť, nezamestnanosť, cena práce. Ekonomická štruktúra vidieckych obcí. Podnikateľská aktivita. Podmienky pre rozvoj cestovného ruchu. Infraštruktúra vidieckych obcí. Celkové zhodnotenie sociálno-ekonomickej úrovne vidieckych regiónov. 
610 2 0 |a vidiek 
610 2 0 |a regióny 
610 2 0 |a vývoj sociálny 
610 2 0 |a vývoj hospodársky 
610 2 0 |a demografia 
610 2 0 |a zamestnanosť 
610 2 0 |a nezamestnanosť 
610 2 0 |a cena práce 
610 2 0 |a podnikanie 
610 2 0 |a ruch cestovný 
610 2 0 |a infraštruktúra 
610 2 0 |a Slovensko 
100 1 |a Adamkovičová, Beáta